Presidentes de España - Estadísticas

Estadísticas generales
  • Esta prueba ha sido intentada 566 veces
  • La puntuación promedio es 4 de 6
Estadísticas de respuestas
Hint Respuesta % Correcto
UCD Adolfo Suarez González
83%
PSOE Felipe González Márquez
74%
PP José María Aznar López
71%
PP Mariano Rajoy Brey
71%
PSOE José Luis Rodríguez Zapatero
65%
UCD Leopoldo Calvo-Sotelo y Bustelo
39%
No se encontraron pruebas coincidentes
Distribución de puntuación
Porcentaje de gente con cada puntuación
Porcentaje por número respondido
Historial de tus puntuaciones
No has intentado esta prueba.